|
|
|
|
| LEADER |
000000am a2200000 a 4500 |
| 001 |
6361 |
| 005 |
20230308175808.0 |
| 008 |
955040|1953 ||||||||r|||||||||||spa|| |
| 040 |
|
|
|b spa
|
| 041 |
0 |
|
|a Es
|
| 082 |
0 |
|
|a 618.92
|b Garr
|
| 100 |
1 |
|
|a Garrahan, Juan páginas: [et al.]
|9 236321
|
| 245 |
1 |
1 |
|a Lecciones de terapéutica infantil
|c Juan P. Garrahan [et al.]
|h imp
|
| 250 |
|
|
|a 2. ed.
|
| 264 |
|
|
|a Buenos Aires
|b El Ateneo
|c 1953
|
| 300 |
|
|
|a x; 619 páginas:
|b ilus., tbls.
|
| 504 |
|
|
|a incl. ref.
|
| 650 |
1 |
0 |
|a Terapéutica
|9 2368
|
| 650 |
1 |
0 |
|a Pediatría
|9 2161
|
| 852 |
|
|
|a UC-SALUD
|f compra
|k mariana.feican
|l 1
|m General
|p 19550404
|q S/. 150
|t 6361
|b 0
|d CDRS
|e CDRS
|g 618.92 Garr
|z 1955-50-40
|
| 942 |
|
|
|c BK
|
| 999 |
|
|
|c 51048
|d 51048
|